000 00365nam a22001577a 4500
003 SGT
020 _a978-1-4557-5328-4
082 _a617.525
_bA16K
100 _aKADEMANI,DEEPAK
245 _aATLAS OF ORAL & MAXILLOFACIAL SURGERY
250 _a1ST
260 _aST.LOUIS,MISSOURI
_bELSEVIER
_c2016
300 _a1485
650 _aORAL SURGERY
942 _2ddc
_cBK
999 _c10651
_d10651